00832nam a22002657a 4500003000400000005001700004008004100021010002300062020002200085035001300107037001600120040001500136082001700151245008600168260004500254270006000299300002000359500003900379650001900418650002400437650001900461650003900480700002100519700002600540dpl20180522163940.0180522b xxu||||| |||| 00| 0 eng d aB-011497, B-011501 a0195652258c00.00 aB-011497 bCen Lib/Ret aDPLbENc0 a954.0222MUG aThe mughal state 1526-1750 /cedited by Muzaffar Aalam [and] Sanjay Subrahmanyam aNew DelhibOxford University Pressc2000 aYMCA Library Building Jai Singh RoadbNew Delhie110001 a536p.c19cm(Hb) aIncludes bibliographical reference aIndian History aIndia--Mogul Empire aModern Science a Modern Science-Electronic Product aAalam, Muzaffar  aSubrahmanyam, Sanjay